00814nam a2200241Ia 4500003000400000005001700004008004100021020002200062040000700084041000800091082002400099100007200123245004700195250000600242260003600248300001800284365001300302650003300315906003900348942001200387999001900399952015400418OSt20230408104244.0210423s2018 xx 000 0 und d a978-93-5271-616-6 cAL aeng a658.1511 223bMAHT aMAHESHWARI (S N);MAHESHWARI (Suneel K);MAHESHWARI (Sharad K)984763 aTextbook of accounting for management Ed 4 a4 aNoidabVikas Publicationsc2018 axiii,1010bPB b595cINR aManagement Accounting984764 aaccounting ; management ; Textbook 2ddccBK c169373d169373 001040708MCOMFAaSACPGbSACPGd2018-09-05eBiblios Book Pointg595.00l1o658.1511 MAHTpPG015875r2024-04-17 00:00:00s2024-01-09w2021-04-26yBK